Wisdom of the West / (Record no. 185110)

MARC details
000 -LEADER
campo de control de longitud fija 00751nam a2200241 i 4500
001 - NÚMERO DE CONTROL
campo de control 185110
003 - IDENTIFICADOR DE NÚMERO DE CONTROL
campo de control ES-MaACL
005 - FECHA Y HORA DE LA ÚLTIMA TRANSACCIÓN
campo de control 20240825063043.0
008 - DATOS DE LONGITUD FIJA--INFORMACIÓN GENERAL
campo de control de longitud fija 160322s1966 xxua |||| |deng d
080 ## - NÚMERO DE LA CLASIFICACIÓN DECIMAL UNIVERSAL
Número de la Clasificación Decimal Universal 1(091)
100 1# - ENTRADA PRINCIPAL--NOMBRE DE PERSONA
Nombre de persona Russell, Bertrand,
Fechas asociadas al nombre 1872-1970
9 (RLIN) 101033
245 10 - MENCIÓN DEL TÍTULO
Título Wisdom of the West /
Mención de responsabilidad, etc. by Bertrand Russell ; edited by Dr. Paul Foulkes.
250 ## - MENCION DE EDICION
Mención de edición 2ª pr.
260 ## - PUBLICACIÓN, DISTRIBUCIÓN, ETC.
Lugar de publicación, distribución, etc. New York :
Nombre del editor, distribuidor, etc. Fawcett World Library,
Fecha de publicación, distribución, etc. 1966.
300 ## - DESCRIPCIÓN FÍSICA
Extensión 416 p. :
Otras características físicas il. ;
Dimensiones 18 cm.
490 1# - MENCIÓN DE SERIE
Mención de serie Premier books ;
Designación de volumen o secuencia 211
500 ## - NOTA GENERAL
Nota general Índice.
650 #4 - PUNTO DE ACCESO ADICIONAL DE MATERIA--TÉRMINO DE MATERIA
Término de materia o nombre geográfico como elemento de entrada Filosofía-
Subdivisión de forma Historia.
9 (RLIN) 158248
700 1# - ENTRADA AGREGADA--NOMBRE PERSONAL
Nombre de persona Foulkes, Paul.
9 (RLIN) 159187
830 0# - PUNTO DE ACCESO ADICIONAL DE SERIE-TÍTULO UNIFORME
Título uniforme Premier books ;
Designación de volumen o secuencia 211
9 (RLIN) 225173
852 ## - LOCALIZACIÓN
Ubicación ES-MaACL
Número de control de estantería L-30284
Holdings
Estatus retirado Estado de pérdida Estado de daño No para préstamo Biblioteca de origen Biblioteca actual Ubicación en estantería Fecha de adquisición Fuente de adquisición Total de préstamos Signatura topográfica completa Código de barras Visto por última vez Precio de reemplazo Tipo de ítem Koha
        Biblioteca del Ateneo de Madrid Biblioteca del Ateneo de Madrid Depósito 2 22/03/2016     L-30284 1194982 23/02/2023 23/02/2023 Libro impreso